01422nam a2200289 a 450000100100000000500170001000800410002704000250006808200150009324502630010826000960037130000280046750000220049550400740051750401030059165000360069465000400073065000180077070000390078870000300082770000290085770000340088670000470092070000420096770000300100971000930103900000218520260416135804.0090701s2008 dr 001 0 spa d aDO-SdBNPbspacBNPHU a323bA185n00aNotas sobre derechos fundamentales y su tutela por los tribunales constitucionales /cHermógenes Bienvenido Acosta de los Santos ...[et.al.]. ; prólogos Francisco Javier Díaz Revorio, María Martín Sánchez, presentación Alejandro Moscoso Segura. aSanto Domingo :bComisionado de Apoyo a la Reforma y modernización de la Justicia,c2008. axviii, 346 p. ;c23 cm. aIncluye índice. aIncluye referencias bibliográficas y notas al pie de las páginas. aIncluye bibliográfia (p.38-39), (p. 176-177), (p. 237-240), (p. 280-282), (p. 315-317), (p.346). 4aDerechos humanosxLegislación 0a Defensores de los derechos humanos 0aDerecho civil1 aAcosta de los Santos, Hermógenes1 aBarquero Kepfer, Maricruz1 aCastro Padilla, Fernando1 aHernández Campos, Ernestina1 aDíaz Revorio, Francisco Javier,epról.1 aMartín Sánchez, María,epról.1 aMoscoso Segura, Alejandro1 aRepública Dominicana.bComisión Nacional de Ejecución de la Reforma Procesal Penal